八卦卦名 - Statistics

General Stats
  • This quiz has been taken 236 times
  • The average score is 5 of 8
Answer Stats
# 卦象 卦名 % Correct
1
99%
8
79%
3
71%
2
70%
4
62%
6
62%
5
57%
7
49%
No matching quizzes found
Score Distribution
Percent of People with Each Score
Percentile by Number Answered
Your Score History
You have not taken this quiz